| 000 | 00496cab a2200193 4500 | ||
|---|---|---|---|
| 001 | ABS39798 | ||
| 008 | 090401t1988 xxu||||| |||| 00| 0 eng d | ||
| 035 | _a(Sirsi) u19019 | ||
| 041 | _aeng | ||
| 100 | _aChau, K.W. | ||
| 245 | _aValue engineering | ||
| 260 | _c1988 | ||
| 350 | _a0 | ||
| 490 |
_aHong Kong Land Surveyor _v4(2) August 1988, 16-18(3) |
||
| 520 | _aA brief overview: history, definitions, methodology. | ||
| 690 | _aBUILT ENVIRONMENT | ||
| 942 | _n0 | ||
| 948 | _c04/03/1997 | ||
| 999 |
_c12658 _d12658 |
||